000
00303nam a22001337a 4500
020
_a
817920425-1
082
_a
823
_b
SHA/F
245
_a
FAMOUSE FOLT TALES
260
_a
DELHI
_b
SHANITI PUBLICATION
300
_a
24
520
_a
ENGLISH SHORT STORY
650
_a
ENGLISH SHORT STORY
_z
DELHI
942
_c
BK
999
_c
5438
_d
5438